000 01393cam a2200289 a 4500
001 15651894
003 ARRUPE
005 20140409020011.0
008 090309s2009 mnu b 001 0 eng
010 _a 2009009757
020 _a9780814653760 (pbk.)
020 _a0814653766 (pbk.)
035 _a(OCoLC)ocn314114357
040 _aDLC
_cDLC
_dBTCTA
_dYDXCP
_dC#P
_dSLT
_dDLC
050 0 0 _aBX823
_b.K45 2009
100 1 _aKelly, Joseph F.
_q(Joseph Francis),
_d1945-
_93731
245 1 4 _aThe ecumenical councils of the Catholic Church :
_ba history /
_cJoseph F. Kelly.
260 _aCollegeville, Minn. :
_bLiturgical Press,
_cc2009.
300 _axii, 216 p. ;
_c23 cm.
500 _a"A Michael Glazier book."
504 _aIncludes bibliographical references and index.
505 0 _aThe Trinitarian councils -- The Christological councils -- The Byzantine councils -- The papal councils of the twelfth century -- The papal councils of the thirteenth century -- Schism and conciliarism -- The Council of Trent -- The First Vatican Council -- The Second Vatican Council
650 0 _aCouncils and synods, Ecumenical
_xHistory.
_93732
906 _a7
_bcbc
_corignew
_d1
_eecip
_f20
_gy-gencatlg
942 _2lcc
_cMONOGRAPH
_01
999 _c118654
_d118654